Statistics for Los Angeles Lakers Nicknames

Click here to take the quiz!

General Stats

  • This quiz has been taken 236 times
    (193 since last reset)
  • The average score is 8 of 11

Answer Stats

Nickname Player % Correct
Black MambaKobe Bryant
99%
King JamesLebron James
98%
MagicEarvin Johnson
97%
The LogoJerry West
87%
Swaggy PNick Young
83%
The Big AristotleShaquille O'Neal
80%
Big Game JamesJames Worthy
73%
The Big DipperWilt Chamberlain
62%
Big Shot BobRobert Horry
52%
Nick the QuickNick Van Exel
40%
Mr. BasketballGeorge Mikan
31%

Score Distribution

Percentile by Number Answered

Percent of People with Each Score

Your Score History

You have not taken this quiz since the last reset